Capitales de Oceanía - Estadísticas

Estadísticas generales
  • Esta prueba ha sido intentada 131 veces
    99 desde el último reinicio
  • La puntuación promedio es 11 de 24
Estadísticas de respuestas
País/Territorio Ciudad Capital % Correcto
Australia Canberra
84%
Nueva Zelanda Wellington
78%
Kiribati Tarawa
69%
Samoa Apia
66%
Fiyi Suva
66%
Islas Salomón Honiara
63%
Timor Oriental Dili
59%
Palaos Ngerulmud
59%
Tuvalu Funafuti
56%
Micronesia Palikir
56%
Papúa Nueva Guinea Port Moresby
56%
Islas Marshall Majuro
53%
Tonga Nukualofa
53%
Vanuatu Port Vila
53%
Nauru Yaren
53%
Guam Agaña
19%
Niue Alofi
16%
Isla Norfolk Kingston
16%
Nueva Caledonia Numea
16%
Samoa Americana Pago Pago
16%
Tokelau Atafu
13%
Islas Cook Avarua
13%
Polinesia Francesa Papeete
13%
Islas Marianas del Norte Siapán
13%
No se encontraron pruebas coincidentes
Distribución de puntuación
Porcentaje de gente con cada puntuación
Porcentaje por número respondido
Historial de tus puntuaciones
No has intentado esta prueba desde el último reinicio